Normal view
MARC view
Entry Personal Name
001 - CONTROL NUMBER
- control field: 17252
003 - CONTROL NUMBER IDENTIFIER
- control field: OSt
005 - DATE AND TIME OF LATEST TRANSACTION
- control field: 20151031125105.0
008 - FIXED-LENGTH DATA ELEMENTS
- fixed length control field: 151031|| aca||aabn | a|a d
040 ## - CATALOGING SOURCE
- Original cataloging agency: OSt
- Transcribing agency: OSt
100 ## - HEADING--PERSONAL NAME
- Personal name: आर के झा
670 ## - SOURCE DATA FOUND
- Source citation: Work cat.: (OSt): आर के झा , सामान्य बुद्धि एव तर्कशक्ति परिक्षाण , 2014









